La Crisis de la democracia en El Salvador: una perspectiva histórica /

Bewaard in:
Bibliografische gegevens
Hoofdauteur: García, Juan José
Formaat: Texto
Onderwerpen:
Tags: Voeg label toe
Geen labels, Wees de eerste die dit record labelt!

MARC

LEADER 00000 a a2200000 04500
001 13972
003
040
100 |a García, Juan José  
245 |a La Crisis de la democracia en El Salvador:   |b una perspectiva histórica /  |c Juan José García 
650 |a DEMOCRACIA  
650 |a LIBERTAD  
650 |a DEMOCRATIZACION  
650 |a POLITICA ECONOMICA  
650 |a HISTORIA SOCIAL  
773 |g número 10; páginas 99-109  
999 |c 28817  |d 28817